[Event "ISR-ch U18"]
[Site "Petah Tiqwa"]
[Date "1997.??.??"]
[Round "8"]
[White "Kobrin, Michael"]
[Black "Kunin, Pavel"]
[Result "1-0"]
[WhiteElo "2235"]
[BlackElo "2125"]

1.d4 d5 2.c4 e6 3.Nc3 Nf6 4.Nf3 Be7 5.Bf4 O-O 6.e3 c5 7.dxc5 Bxc5 8.Qc2 Nc6
9.a3 Qa5 10.O-O-O Bd7 11.Bg5 Be7 12.Bd3 h6 13.Bh4 Rac8 14.Kb1 a6 15.cxd5 Nxd5
16.Nxd5 Bxh4 17.Nc3 Bf6 18.Bh7+ Kh8 19.Rxd7 b5 20.Be4 b4 21.axb4 Qxb4 22.Bxc6 Rxc6
23.Nd4 Rc4 24.Rc1 Rfc8 25.Qd3 a5 26.f4 a4 27.Na2 Rxc1+ 28.Nxc1 Qe1 29.Nc2 Qg1
30.Qe4 Bxb2 31.Kxb2 a3+ 32.Nxa3 Qxc1+ 33.Ka2 Rb8 34.Qd4 Qf1 35.Rd8+ Rxd8
36.Qxd8+ Kh7 37.Qd2 Qa6 38.Kb2 g6 39.Nc2 e5 40.Qd5 Qb6+ 41.Kc1 Kg8 42.Qxe5 Qc6
43.e4 Qc4 44.Kd2 Qf1 45.Ne3 Qb1 46.Ke2 Qa2+ 47.Kf3 Qb3 48.h4 h5 49.f5  1-0

[Event "EU-chT (Men)"]
[Site "Pula"]
[Date "1997.??.??"]
[Round "6"]
[White "Hellsten, Johan"]
[Black "San Segundo, Pablo"]
[Result "1-0"]
[WhiteElo "2485"]
[BlackElo "2505"]

1.d4 d5 2.c4 e6 3.Nf3 Nf6 4.Nc3 Be7 5.Bf4 O-O 6.e3 c5 7.dxc5 Bxc5 8.a3 Nc6
9.Be2 dxc4 10.Bxc4 a6 11.O-O b5 12.Bd3 Bb7 13.Qc2 Be7 14.Rad1 Qb6 15.e4 Nh5
16.Be3 Qc7 17.e5 Nxe5 18.Nd5 Nxf3+ 19.gxf3 Qd6 20.Nb6 Qc6 21.Bxh7+ Kh8 22.Qxc6 Bxc6
23.Be4 Bxe4 24.fxe4 Rad8 25.b4 f5 26.Bc5 Rf7 27.Bxe7 Rxd1 28.Rxd1 Rxe7 29.Rd7 Re8
30.Ra7 fxe4 31.Rxa6 Kh7 32.Ra7 Rf8 33.Nd7 Rf3 34.Nc5 e3 35.fxe3 Rxe3 36.Kf2 Rh3
37.Nxe6 Rxh2+ 38.Kf3 Kg6 39.Nd4 Rh3+ 40.Kf2 Nf6 41.Nxb5 Ne4+ 42.Ke2 Kf6 43.Ra6+ Kf5
44.Nc7 Ke5 45.Ra5+ Kd4 46.Ne6+ Kc4 47.Re5 Nc3+ 48.Kf1 Nd5 49.Rxd5 Rxa3 50.Rd4+ Kb5
51.Ke2 Rc3 52.Nc5 Rc2+ 53.Ke3 Rh2 54.Nd3  1-0

[Event "EU-chT (Men)"]
[Site "Pula"]
[Date "1997.??.??"]
[Round "8"]
[White "Giorgadze, Giorgi"]
[Black "Vaganian, Rafael A"]
[Result "1/2-1/2"]
[WhiteElo "2595"]
[BlackElo "2585"]

1.d4 d5 2.c4 e6 3.Nc3 Be7 4.Nf3 Nf6 5.Bf4 O-O 6.e3 c5 7.dxc5 Bxc5 8.Qc2 Nc6
9.a3 Qa5 10.O-O-O Be7 11.Nd2 Bd7 12.g4 Rfc8 13.g5 Nh5 14.Nb3 Qb6 15.cxd5 Nxf4
16.exf4 Na5 17.Nxa5 Qxa5 18.Rd3 Bd6 19.Bh3 Bxf4+ 20.Kb1 Bxg5 21.Qe2 Qa6 22.Qf3 Bf6
23.Ne4 Be5 24.Re1 h6 25.Ng5 hxg5 26.Rxe5 Qa4 27.dxe6 Qc2+ 28.Ka2 Qc4+ 29.Ka1 Qc1+
30.Ka2 Qc4+ 31.Ka1 Bxe6 32.Bxe6 fxe6 33.Rd7 Qc1+ 34.Ka2 Rf8 35.Qb3 Rae8 36.Rxe6 Rxe6
37.Qxe6+ Kh7 38.Rd3 Rf4 39.Rh3+ Rh4 40.Qe4+ Kg8 41.Qd5+ Kh7 42.Qe4+ Kg8 43.Rxh4 gxh4
44.Qxh4 b6 45.Qd8+ Kf7 46.Qd5+ Kf6 47.Qd4+ Kf7 48.Kb3 Qh1 49.h4 g6 50.Kb4 Qb7
51.Qf4+ Kg7 52.Qe5+ Kg8 53.Qf6 Kh7 54.Kc4 Qe4+ 55.Kc3 Qd5 56.Qd4 Qc6+ 57.Kd2 Qf3
58.Ke1 Kg8 59.Kd2 Kh7 60.Qe3 Qf6  1/2-1/2

[Event "EU-chT (Men)"]
[Site "Pula"]
[Date "1997.??.??"]
[Round "8"]
[White "Yrjola, Jouni"]
[Black "Upton, Timothy J"]
[Result "1/2-1/2"]
[WhiteElo "2435"]
[BlackElo "2285"]

1.d4 d5 2.c4 e6 3.Nc3 Be7 4.Nf3 Nf6 5.Bf4 O-O 6.e3 c5 7.dxc5 Bxc5 8.a3 Nc6
9.Qc2 Qa5 10.Nd2 Be7 11.Be2 Bd7 12.O-O Rac8 13.Rfd1 Qb6 14.b4 a5 15.c5 Qd8
16.Qb2 e5 17.Bg3 d4 18.exd4 exd4 19.Na4 axb4 20.axb4 Nd5 21.b5 Ncb4 22.Nf3 Bxc5
23.Nxc5 Rxc5 24.Nxd4 Qf6 25.Qa3 Rfc8  1/2-1/2

[Event "ISL-chT"]
[Site "Reykjavik"]
[Date "1997.??.??"]
[Round "?"]
[White "Hjartarson, Johann"]
[Black "Thorsteinsson, Bjorn"]
[Result "1-0"]
[WhiteElo "2585"]
[BlackElo "2325"]

1.d4 Nf6 2.c4 e6 3.Nc3 d5 4.Nf3 Be7 5.Bf4 O-O 6.e3 c5 7.dxc5 Bxc5 8.Qc2 Qa5
9.a3 Nc6 10.O-O-O a6 11.Nd2 Be7 12.g4 e5 13.g5 exf4 14.gxf6 Bxf6 15.Nxd5 Be5
16.Nb3 Qd8 17.exf4 Bb8 18.Kb1 Qh4 19.Bd3 Bxf4 20.Nxf4 Qxf4 21.Bxh7+ Kh8 22.Be4 Re8
23.f3 Be6 24.Nc5 Na5 25.Qc3 Qc7 26.Rhg1 f6 27.Qe1 g5 28.Qc3 Qe5 29.Qxe5 fxe5
30.Rxg5 Nxc4 31.Rdg1 Bf7 32.R1g3  1-0

[Event "Saint Affrique op"]
[Site "Saint Affrique"]
[Date "1997.??.??"]
[Round "7"]
[White "Legky, Nikolay A"]
[Black "Marciano, David"]
[Result "1-0"]
[WhiteElo "2490"]
[BlackElo "2470"]

1.d4 d5 2.c4 e6 3.Nc3 Be7 4.Nf3 Nf6 5.Bf4 O-O 6.e3 c5 7.dxc5 Bxc5 8.a3 Nc6
9.Be2 dxc4 10.Bxc4 Nh5 11.Qxd8 Rxd8 12.Bg5 Be7 13.Bxe7 Nxe7 14.Ke2 Bd7 15.Ne5 Be8
16.Rhd1 Nf6 17.f3 Kf8 18.e4 Nc6 19.Nxc6 Bxc6 20.Bb5 Be8 21.Bxe8 Nxe8 22.e5 Ke7
23.g3 f6 24.exf6+ Nxf6 25.Rac1 Rac8 26.Rxd8 Rxd8 27.Nb5 a6 28.Rc7+ Rd7 29.Rxd7+ Kxd7
30.Nc3 Kd6 31.Kd3 b5 32.f4 Ng4 33.Ne4+ Kd5 34.h3 Nf6 35.Nc3+ Kc6 36.Kd4 Nd7
37.g4 a5 38.Ne4 h6 39.b3 a4 40.bxa4 bxa4 41.h4 Nb6 42.h5 Nd5 43.Ke5 Kd7 44.Nc5+ Ke7
45.Nxe6 Ne3 46.Nxg7 Kf7 47.Nf5 Nxg4+ 48.Kd4 Kf6 49.Ng3 Ke6 50.Kc4 Nf6 51.Kb5 Nd5
52.Ne2 Kf5 53.Kxa4 Kg4 54.Kb5 Kxh5 55.Kc6 Ne7+ 56.Kd7 Nd5 57.Ke6 Nc7+ 58.Ke5 Kg6
59.f5+ Kf7 60.Nf4 Nb5 61.a4 Na7 62.Nh5 Nc6+ 63.Kd6 Nd4 64.f6 Nb3 65.Kc6 Kg6
66.Kb6 Nd4 67.a5 Kxh5 68.f7 Ne6 69.a6 Kg6 70.a7 Kxf7 71.a8=Q Ng5 72.Qh8 Kg6
73.Kc6 Nf7 74.Qg8+ Kf6 75.Kd5 Ng5 76.Qh8+ Kg6 77.Qe8+ Kf6 78.Qh5 Nf7 79.Qh4+ Kg6
80.Ke6 Ng5+ 81.Ke7 Nh7 82.Qe4+ Kg7 83.Qg4+ Ng5 84.Qf5 Nh7 85.Qf7+ Kh8 86.Qg6 Ng5
87.Qxh6+ Nh7 88.Qg6  1-0

[Event "Salsomaggiore op"]
[Site "Salsomaggiore"]
[Date "1997.??.??"]
[Round "1"]
[White "Iotti, Pierluigi"]
[Black "Doleschal, Johannes"]
[Result "1-0"]
[WhiteElo "2290"]
[BlackElo "2035"]

1.d4 Nf6 2.Nf3 d5 3.c4 e6 4.Nc3 Be7 5.Bf4 c6 6.e3 O-O 7.Qc2 Nbd7 8.a3 Re8
9.h3 Nf8 10.Bd3 Ng6 11.Bh2 Bd6 12.Bxd6 Qxd6 13.Rd1 Qe7 14.O-O dxc4 15.Bxc4 b6
16.Ne5 Bb7 17.b4 Nxe5 18.dxe5 Nd7 19.f4 c5 20.Nb5 Rec8 21.Nd6 Rc7 22.b5 Kh8
23.Bd3 h6 24.Nxb7 Rxb7 25.Be4 Rab8 26.Bxb7 Rxb7 27.Rf2  1-0

[Event "Sochi"]
[Site "Sochi"]
[Date "1997.??.??"]
[Round "?"]
[White "Lunev, A."]
[Black "Koniushkov, Igor"]
[Result "0-1"]
[WhiteElo "2400"]
[BlackElo "2405"]

1.d4 Nf6 2.c4 e6 3.Nc3 d5 4.Nf3 Be7 5.Bf4 O-O 6.e3 b6 7.Bd3 Bb7 8.cxd5 Nxd5
9.Nxd5 Qxd5 10.Bxc7 Qa5+ 11.Kf1 Na6 12.Bg3 Nb4 13.Be2 Rac8 14.a3 Nc2 15.Rc1 Be4
16.Kg1 b5 17.Nd2 Bg6 18.h4 h5 19.Bf3 b4 20.Bb7 bxa3 21.Bxc8 Rxc8 22.e4 Qa4
23.bxa3 Bxa3 24.Rb1 Qxd4 25.Rb8 Rxb8 26.Bxb8 Bxe4 27.Bxa7 Qd5 28.f3 Bd3 29.Nf1 Bc5+
30.Bxc5 Qxc5+ 31.Kh2 Qf2 32.Ng3 Ne3 33.Qg1 Nf1+ 34.Qxf1 Bxf1 35.Rxf1 Qd4
36.Kh3 f5 37.Nxh5 g6 38.Ng3 g5 39.f4 gxf4 40.Nh1 e5 41.Kh2 e4 42.Rb1 e3  0-1

[Event "Svetlogorsk op (Women)"]
[Site "Svetlogorsk"]
[Date "1997.??.??"]
[Round "9"]
[White "Umanskaya, Irina"]
[Black "Dergatschova Daus, Anna"]
[Result "1-0"]
[WhiteElo "2330"]
[BlackElo "2220"]

1.d4 d5 2.c4 e6 3.Nc3 Be7 4.Nf3 Nf6 5.Bf4 Nh5 6.Be5 f6 7.Bg3 Nxg3 8.hxg3 f5
9.Ne5 O-O 10.e3 g6 11.cxd5 Bb4 12.dxe6 Bxe6 13.Nd3 a5 14.Be2 Nd7 15.O-O g5
16.g4 Nf6 17.gxf5 Bf7 18.Ne5 c6 19.a3 Bxc3 20.bxc3 Qe7 21.Bd3 Kg7 22.e4 Bg8
23.Ng4 Kh8 24.Nxf6 Rxf6 25.Qg4 Rh6 26.f4 gxf4 27.Qxf4 Rh4 28.f6 Rxf4 29.fxe7 Rf7
30.Rxf7 Bxf7 31.Rf1 Kg7 32.Rf5 Bg6 33.Rf8 Rxf8 34.exf8=Q+ Kxf8 35.Kf2 Ke7
36.Ke3 Bf7 37.Kf4 h6 38.c4 Be8 39.c5 Bf7 40.Ke5 Be6 41.Be2 Bb3 42.d5 cxd5
43.exd5 Kd7 44.Bg4+ Kc7 45.d6+ Kd8 46.Bf3 Kc8 47.Kf6 Bc4 48.Ke7 Bb5 49.c6  1-0

[Event "SVK-chT1W 9798"]
[Site "SVK"]
[Date "1997.??.??"]
[Round "?"]
[White "Vadkerti, Jan"]
[Black "Heinrich, Jan"]
[Result "1/2-1/2"]
[WhiteElo "1985"]
[BlackElo "2075"]

1.d4 Nf6 2.c4 e6 3.Nc3 d5 4.Nf3 Be7 5.Bf4 O-O 6.e3 c6 7.Bd3 Nbd7 8.a3 Re8
9.Qc2 Nf8 10.Ne5 N6d7 11.g4 Nxe5 12.Bxe5 b6 13.Bg3 dxc4 14.Bxc4 Bb7 15.Rd1 b5
16.Bd3 Qb6 17.O-O c5 18.Bxb5 Rec8 19.dxc5 Bxc5 20.Bd3 Bf3 21.Be2 Bb7 22.e4 Be7
23.Be5 Qa5 24.Bd6 Bf6 25.Bb4 Qg5 26.Bd6 Ng6 27.Qd2 Qh4 28.Qe3 Bxc3 29.bxc3 e5
30.f4 Nxf4 31.Bxe5 Nxe2+ 32.Qxe2 Qe7 33.Bd4 Rc6 34.Rf4 Re6 35.e5 Qc7 36.h3 Qc6
37.Qh2 a6 38.Rdf1 Re7 39.g5 Qd5 40.h4 Rc8 41.Qg3 Ba8 42.Qh3 Rb8 43.h5 Rd7
44.h6 Rb2 45.R4f2 Rxf2 46.Rxf2 Qe6 47.Qxe6 fxe6 48.Rb2 Rb7 49.Rb4 Rxb4 50.axb4 gxh6
51.gxh6 Kf7 52.Bc5 Kg6 53.Bf8 Kf5 54.Bg7 Ke4 55.Kf2 Kd3 56.Kg3 Kxc3 57.Bf8 Kd4
58.Kf4 Kc4 59.Bd6 Kb5  1/2-1/2

[Event "SVK-chT2 9697"]
[Site "SVK"]
[Date "1997.??.??"]
[Round "1"]
[White "Timoshchenko, Gennadi A"]
[Black "Franzen, Josef"]
[Result "1-0"]
[WhiteElo "2515"]
[BlackElo "2330"]

1.Nf3 Nf6 2.c4 e6 3.Nc3 d5 4.d4 Be7 5.Bf4 O-O 6.e3 c5 7.dxc5 Bxc5 8.Qc2 Nc6
9.a3 Qa5 10.O-O-O Rd8 11.Nb5 dxc4 12.Bxc4 Rxd1+ 13.Rxd1 Bd7 14.Ng5 a6 15.Nc3 Be8
16.Nce4 Nxe4 17.Qxe4 g6 18.Nxe6 Bxa3 19.bxa3 Qxa3+ 20.Kd2 Na5 21.Nc7 Nxc4+
22.Qxc4 Rd8+ 23.Ke1 Rxd1+ 24.Kxd1 Ba4+ 25.Ke2 Qb2+ 26.Kf3 Bc6+ 27.Kg3 a5
28.Qc5 h5 29.h4 Qe2 30.Nd5 Qg4+ 31.Kh2 Qxh4+ 32.Kg1 Kh7 33.Qxa5 g5 34.Be5 Qc4
35.Qd8  1-0

[Event "SVK-chT 9697"]
[Site "SVK"]
[Date "1997.??.??"]
[Round "3"]
[White "Pal, Peter"]
[Black "Rajnak, Daniel"]
[Result "1/2-1/2"]
[WhiteElo "2260"]
[BlackElo "2180"]

1.d4 d5 2.Nf3 Nf6 3.c4 e6 4.Nc3 Be7 5.Bf4 O-O 6.e3 c6 7.Bd3 Nbd7 8.h3 a5
9.O-O dxc4 10.Bxc4 b5 11.Bd3 Bb7 12.Rc1 Rc8 13.Qe2 Qb6 14.e4 b4 15.Na4 Qa7
16.Be3 Qb8 17.Rfd1 Rfe8 18.Nc5 Nxc5 19.dxc5 Red8 20.e5 Nd7 21.Bd4 Qa7 22.Qe4 Nf8
23.Nd2 Rd5 24.Qe3 Rcd8 25.Nf3 R5d7 26.Be2 Ba6 27.Rd2 Rd5 28.Bxa6 Qxa6 29.Rdc2 Qb5
30.b3 Ng6 31.Rc4 h6 32.Kh2 R8d7 33.g3 Qb8 34.Kg2 Bd8 35.Re1 Bc7 36.Qe4  1/2-1/2

[Event "SVK-chT2 9697"]
[Site "SVK"]
[Date "1997.??.??"]
[Round "5"]
[White "Dobrotka, Martin"]
[Black "Veselsky, Jozef"]
[Result "1-0"]
[WhiteElo "2240"]
[BlackElo "2250"]

1.Nf3 d5 2.c4 e6 3.d4 Nf6 4.Nc3 Be7 5.Bf4 O-O 6.e3 c6 7.h3 Nbd7 8.cxd5 Nxd5
9.Nxd5 exd5 10.Bd3 Bb4+ 11.Nd2 Re8 12.O-O Nf8 13.a3 Bd6 14.Bxd6 Qxd6 15.b4 Bd7
16.Qe2 Qh6 17.f4 Ng6 18.Qf2 Qh4 19.Nb3 Qxf2+ 20.Kxf2 Rad8 21.a4 Ne7 22.g4 Nc8
23.Nc5 Nd6 24.Rac1 Re7 25.Rfe1 Be8 26.h4 Ra8 27.a5 a6 28.e4 dxe4 29.Bxe4 g6
30.f5 Rd8 31.Bd3 Rxe1 32.Rxe1 Bd7 33.Re7 Bc8 34.f6 Re8 35.Rxe8+ Nxe8 36.g5 Nc7
37.Bc4 Ne8 38.Kf3 Nd6 39.Bd3 Kf8 40.Kf4 Ke8 41.Ke5 Nb5 42.Bxb5 axb5 43.d5  1-0

[Event "SWZ-chT9697"]
[Site "SWZ"]
[Date "1997.??.??"]
[Round "?"]
[White "Kallai, Gabor"]
[Black "Kelecevic, Nedeljko"]
[Result "1/2-1/2"]
[WhiteElo "2505"]
[BlackElo "2430"]

1.d4 e6 2.c4 d5 3.Nf3 Nf6 4.Nc3 Be7 5.Bf4 O-O 6.e3 c5 7.dxc5 dxc4 8.Bxc4 Qa5
9.Bd6 Rd8 10.O-O Bxd6 11.cxd6 Qb4 12.Qe2 Qxd6 13.e4 Qe7 14.e5 Nfd7 15.Rfd1 Nc6
16.Bb5 Ncb8 17.Rd6 Nf8 18.Rad1 Rxd6 19.exd6 Qd8 20.Ne4 Bd7 21.Ne5 a6 22.Qf3 f5
23.Be2 Nc6 24.Nxd7 Nxd7 25.Nc3 Qf6 26.Qe3 Qe5 27.Qd2 Rd8 28.Bf3 Qc5 29.Na4 Qb5
30.Nc3 Qc5 31.Na4 Qb5 32.Nc3  1/2-1/2

[Event "SWZ-chT9697"]
[Site "SWZ"]
[Date "1997.??.??"]
[Round "?"]
[White "King, Daniel J"]
[Black "Begovac, Franja"]
[Result "1/2-1/2"]
[WhiteElo "2535"]
[BlackElo "2425"]

1.c4 e6 2.Nc3 d5 3.d4 Be7 4.Nf3 Nf6 5.Bf4 c5 6.dxc5 Na6 7.e3 Nxc5 8.cxd5 Nxd5
9.Nxd5 exd5 10.Bb5+ Bd7 11.Bxd7+ Qxd7 12.O-O O-O 13.Qe2 Rac8 14.Rfd1 Rfd8
15.Be5 Qf5 16.Bd4 a6 17.Rac1 Ne4 18.Ne1 Rxc1 19.Rxc1 Rc8 20.Rd1 h6 21.Nd3 Bf6
22.Bxf6 Nxf6 23.h3 Qe4 24.Ne1 Qa4 25.a3 Qb3 26.g4 Ne4 27.Kg2 Rc6 28.f3 Nd6
29.Rd3 Qb5 30.Kf2 Nc4 31.a4 Qxb2 32.Rxd5 Qxe2+ 33.Kxe2 Nb6 34.Rd8+ Kh7 35.a5 Nc4
36.Rd5 b6 37.axb6 Nxb6 38.Rf5 f6 39.h4 Kg6 40.Nd3 Rc2+ 41.Kd1 Rc3 42.Kd2 Rc7
43.Nf4+ Kf7 44.g5 hxg5 45.hxg5 Nc4+ 46.Ke2 Rd7 47.Rc5 Ne5 48.gxf6 gxf6 49.Nd5 Rb7
50.e4 Rb2+ 51.Ke3 Rb3+ 52.Nc3 Ke6 53.f4 Kd6 54.Rd5+ Ke6 55.Rc5 Kd6 56.Rd5+ Ke6
57.fxe5 Rxc3+ 58.Kd4 Rc6 59.exf6 Kxf6 60.Rh5 Ke7 61.Rh7+  1/2-1/2

[Event "SWZ-chT9697"]
[Site "SWZ"]
[Date "1997.??.??"]
[Round "?"]
[White "Toth, Bela"]
[Black "King, Daniel J"]
[Result "1-0"]
[WhiteElo "2395"]
[BlackElo "2535"]

1.d4 e6 2.c4 Nf6 3.Nf3 d5 4.Nc3 Be7 5.Bf4 O-O 6.e3 c5 7.dxc5 Bxc5 8.Qc2 Nc6
9.a3 Qa5 10.Rd1 Be7 11.Nd2 e5 12.Bg3 d4 13.Nb3 Qb6 14.exd4 Nxd4 15.Nxd4 exd4
16.Nb5 Re8 17.Be2 Ne4 18.O-O Bf5 19.Bd3 Nxg3 20.hxg3 Bxd3 21.Rxd3 Bf6 22.Rfd1 Rad8
23.Qd2 g6 24.a4 Qc5 25.b4 Qh5 26.Nxd4 Re4 27.Nf3 Rde8 28.Rd7 Rxc4 29.Rxb7 Bc3
30.Qd7  1-0

[Event "SWZ-chT9697"]
[Site "SWZ"]
[Date "1997.??.??"]
[Round "?"]
[White "Hort, Vlastimil"]
[Black "Schauwecker, Meinrad"]
[Result "1/2-1/2"]
[WhiteElo "2520"]
[BlackElo "2325"]

1.d4 e6 2.c4 Nf6 3.Nf3 d5 4.Nc3 Be7 5.Bf4 O-O 6.e3 c6 7.Qc2 Nbd7 8.a3 Nh5
9.Bg3 g6 10.Bd3 Nxg3 11.hxg3 Bf6 12.Rd1 Qa5 13.O-O Bg7 14.b4 Qd8 15.e4 dxc4
16.Bxc4 Nb6 17.Bb3 a5 18.Rd3 axb4 19.axb4 Qe7 20.Rb1 Rd8 21.Ne2 Nd7 22.e5 Qxb4
23.Bxe6 Qe7 24.Bh3 Nf8 25.Bxc8 Raxc8 26.Nc3 Ne6 27.Ne4 Rc7 28.Nd6 c5 29.Rc3 cxd4
30.Rxc7 Qxc7 31.Qxc7 Nxc7 32.Rxb7 Ne6 33.Nxf7 Rd5 34.Re7 d3 35.Nd2 Bf8 36.Rb7 Nc5
37.Ra7 Ne6 38.Nd6 Rxe5 39.N6e4 Bg7 40.Rd7 Ra5 41.Rxd3 Ra1+ 42.Kh2 Nd4 43.Nf3 Ra4
44.Kh3 h6 45.Rd1 Ne6 46.Nfd2 Rd4 47.Re1 Kf7 48.Rb1 Bf8 49.Rb7+ Be7 50.f3 Kf8
51.Rb6 Kf7 52.Rc6 Rd5 53.g4 Nc5 54.Nc4 Nxe4 55.fxe4 Rd3+ 56.g3 Bf6 57.Kg2 Rb3
58.e5 Be7 59.Kf2 Rd3 60.Nb6 Bg5 61.Nc4 Be7 62.Nb6 Bg5 63.Nd7 Rd2+ 64.Kf1 Rd1+
65.Ke2 Rd2+ 66.Kf3 Rd3+ 67.Ke4 Rxg3 68.e6+ Ke7 69.Ne5 Kf6 70.Nd7+ Ke7 71.Ne5 Kf6
72.Kd5 Rg1 73.e7+ Kxe7 74.Rc7+ Kd8  1/2-1/2

[Event "Tanta op"]
[Site "Tanta"]
[Date "1997.??.??"]
[Round "1"]
[White "Rahman, Yehya"]
[Black "Elsayed, Moustafa"]
[Result "1/2-1/2"]
[WhiteElo "2345"]
[BlackElo "2180"]

1.d4 d5 2.c4 e6 3.Nc3 Nf6 4.Nf3 Be7 5.Bf4 O-O 6.e3 a6 7.Qc2 b6 8.Be2 Bb7
9.cxd5 exd5 10.a3 Nbd7 11.b4 c5 12.bxc5 bxc5 13.Rb1 Qc8 14.Qb2 Bc6 15.dxc5 Nxc5
16.O-O Ne6 17.Be5 Rd8 18.Nd4 Nxd4 19.Bxd4 Qe6 20.h3 Qd6 21.a4 Bd7 22.Qb6 Bf5
23.Qxd6 Rxd6 24.Rb7 Bd8 25.Be5 Rd7 26.Rxd7 Nxd7 27.Bd4 Be6 28.Bf3 Nf6 29.Rb1 h6
30.Bxf6 Bxf6 31.Nxd5 Bxd5 32.Bxd5 Rd8 33.e4 Rc8 34.Rb7 Rc1+ 35.Kh2 Be5+ 36.g3 Bc7
37.Ra7 Rc2  1/2-1/2

[Event "Toronto"]
[Site "Toronto"]
[Date "1997.??.??"]
[Round "7"]
[White "Nickoloff, Bryon"]
[Black "Findlay, Ian T"]
[Result "1/2-1/2"]
[WhiteElo "2415"]
[BlackElo "2355"]

1.d4 Nf6 2.c4 e6 3.Nf3 d5 4.Nc3 Be7 5.Bf4 O-O 6.e3 c5 7.dxc5 Bxc5 8.Qc2 Nc6
9.a3 dxc4 10.Bxc4 a6 11.O-O Bd7 12.Rad1 Qe8 13.Ng5 Be7 14.Qd3 Rd8 15.Bc7 Rc8
16.Bd6 Bxd6 17.Qxd6 Qe7 18.Nge4  1/2-1/2

[Event "Torre Blanca op"]
[Site "Torre Blanca"]
[Date "1997.??.??"]
[Round "1"]
[White "Llanos, Guillermo"]
[Black "Gamarian, Gaguik"]
[Result "1-0"]
[WhiteElo "2360"]
[BlackElo "2145"]

1.d4 e6 2.c4 d5 3.Nc3 Be7 4.Nf3 Nf6 5.Bf4 O-O 6.e3 c6 7.Qc2 Nbd7 8.h3 b6
9.cxd5 exd5 10.Be2 Bb7 11.O-O Re8 12.Qa4 h6 13.Rfd1 Bf8 14.Rac1 Qe7 15.Ba6 Bxa6
16.Qxa6 Qe6 17.Ne2 g5 18.Bg3 Ne4 19.Qd3 Rec8 20.Nd2 f5 21.Nf1 Bd6 22.Bxd6 Nxd6
23.Rc2 Rc7 24.f3 Re8 25.b3 h5 26.Qd2 Nf7 27.h4 Qg6 28.Rdc1 Nb8 29.Qe1 Rce7
30.Qg3 Kh7 31.hxg5 Nxg5 32.Nf4 Qh6 33.Qh4 Rg7 34.Kh2 Rh8 35.Ng3 Kg8 36.Nd3 Qf6
37.Ne5 Rh6 38.f4 Nh7 39.Qxf6 Nxf6 40.Nxf5  1-0

[Event "Toscolano op"]
[Site "Toscolano"]
[Date "1997.??.??"]
[Round "?"]
[White "Medancic, Rikard"]
[Black "Lantini, Marco"]
[Result "1-0"]
[WhiteElo "2305"]
[BlackElo "2190"]

1.d4 Nf6 2.c4 e6 3.Nf3 d5 4.Nc3 Be7 5.Bf4 O-O 6.e3 c5 7.dxc5 Nc6 8.a3 Bxc5
9.Qc2 Bd6 10.Bxd6 Qxd6 11.O-O-O Ne5 12.cxd5 exd5 13.Nd4 a6 14.Kb1 b5 15.Qb3 Nfg4
16.Qc2 Nc4 17.Nf3 Bb7 18.Bxc4 bxc4 19.h3 Ne5 20.Nxe5 Qxe5 21.Rd4 Rfe8 22.g4 g6
23.h4 Bc6 24.Rhd1 Rab8 25.Nxd5 Bxd5 26.Rxd5 Qe7 27.Qxc4 Qxh4 28.Qf4 Rbd8
29.Rd7 Rf8 30.Ka2 Rc8 31.R1d6 Rc2 32.Rf6  1-0

[Event "Verona op"]
[Site "Verona"]
[Date "1997.??.??"]
[Round "1"]
[White "Ortega, Lexy"]
[Black "Giretti, Kanev J"]
[Result "1-0"]
[WhiteElo "2460"]
[BlackElo "2165"]

1.d4 Nf6 2.c4 e6 3.Nc3 d5 4.Nf3 Be7 5.Bf4 O-O 6.e3 Nbd7 7.Qc2 c6 8.a3 a6
9.c5 Nh5 10.Bd3 Nxf4 11.exf4 h6 12.O-O Bf6 13.b4 g5 14.Qd2 Kg7 15.Ne2 Rg8
16.Qe3 Nf8 17.Ng3 Kh8 18.Nh5 Ng6 19.Bxg6 Rxg6 20.Ne5 Bxe5 21.fxe5 Bd7 22.Nf6 Qe7
23.f4 g4 24.h3 gxh3 25.Qxh3 Kg7 26.Rf3 a5 27.bxa5 Rxa5 28.Rb1 Rb5 29.Rb4 Rxb4
30.axb4 Bc8 31.Rg3 b6 32.Ra3 bxc5 33.bxc5 Qb7 34.Qb3 Qxb3 35.Rxb3 Ba6 36.Rb8 Rxf6
37.exf6+ Kxf6 38.Kf2 Ke7 39.Rh8 Bd3 40.Rxh6 Kd7 41.g4 Ke7 42.Kg3 Be4 43.Kh4 Bd3
44.Kg5 Be2 45.f5 exf5 46.gxf5 Bb5 47.Rd6 Ba4 48.f6+ Ke8 49.Kh6 Bb5 50.Kg7 Ba4
51.Re6+  1-0

[Event "Clarin GP op"]
[Site "Villa Martelli"]
[Date "1997.??.??"]
[Round "7"]
[White "Quinteros, Miguel A"]
[Black "Sorokin, Maxim"]
[Result "1/2-1/2"]
[WhiteElo "2505"]
[BlackElo "2555"]

1.c4 Nf6 2.d4 e6 3.Nf3 d5 4.Nc3 Be7 5.Bf4 O-O 6.Qc2 c5 7.dxc5 dxc4 8.e4 Nc6
9.Bxc4 Qa5 10.Bd6 Bxd6 11.cxd6 Qc5 12.Bb5 Bd7 13.Qe2 e5 14.O-O Nd4 15.Nxd4 exd4
16.Bxd7 dxc3 17.Ba4 cxb2 18.Rad1 Qe5 19.Rfe1 Rfd8 20.d7 a6 21.Rb1  1/2-1/2

[Event "Villalba op"]
[Site "Villalba"]
[Date "1997.??.??"]
[Round "2"]
[White "Suba, Mihai"]
[Black "Rodriguez Valdeavero, JC."]
[Result "1-0"]
[WhiteElo "2530"]
[BlackElo "2150"]

1.c4 Nf6 2.Nc3 e6 3.Nf3 d5 4.d4 Be7 5.Bf4 c6 6.e3 Nbd7 7.Qc2 O-O 8.cxd5 exd5
9.O-O-O Re8 10.Nb5 Nf8 11.Nc7 g5 12.Nxg5 Nh5 13.Nxe8  1-0

[Event "Vlissingen HZ op"]
[Site "Vlissingen"]
[Date "1997.??.??"]
[Round "2"]
[White "Van Wely, Loek"]
[Black "Posazhennikov, A."]
[Result "1/2-1/2"]
[WhiteElo "2655"]
[BlackElo "2210"]

1.d4 d5 2.c4 e6 3.Nf3 Nf6 4.Nc3 Be7 5.Bf4 c6 6.e3 Nh5 7.Be5 Nd7 8.h3 Nxe5
9.dxe5 g6 10.Qc2 O-O 11.O-O-O Qa5 12.h4 b5 13.cxb5 cxb5 14.Bxb5 Bb4 15.Nd4 Bb7
16.Rd3 Rfc8 17.Kb1 a6 18.Ba4 Rab8 19.g4 Ng7 20.h5 Bxc3 21.Rxc3 Rxc3 22.bxc3 Bc6+
23.Bb3 Bd7 24.f4 Qc5 25.Kb2 Rc8 26.Rh3 a5 27.a4 Rb8 28.Ka2 gxh5 29.gxh5 Nf5
30.Nxf5 exf5 31.Qg2+ Kh8 32.h6 Rg8 33.Rg3 Rg4 34.Kb2 Be6 35.Bd1 Qb6+ 36.Kc2 Qc6
37.Kd2 Qc4 38.Bc2 Qa2 39.e4 d4 40.Rxg4 fxg4 41.c4 d3 42.Kxd3 Qxc4+ 43.Kd2 Qd4+
44.Kc1 Qa1+ 45.Kd2 Qd4+ 46.Kc1 Qa1+ 47.Kd2  1/2-1/2

[Event "Wattens op"]
[Site "Wattens"]
[Date "1997.??.??"]
[Round "?"]
[White "Ungureanu, Emil"]
[Black "Fuerlinger, Harald"]
[Result "0-1"]
[WhiteElo "2330"]
[BlackElo "2045"]

1.d4 d5 2.c4 e6 3.Nf3 Nf6 4.Nc3 Be7 5.Bf4 O-O 6.e3 b6 7.Rc1 dxc4 8.Bxc4 Bb7
9.O-O Nbd7 10.Nb5 c5 11.Bc7 Qc8 12.Bg3 Ne4 13.Bf4 a6 14.Nc3 Nxc3 15.Rxc3 b5
16.Bd3 Qd8 17.dxc5 Nxc5 18.Bb1 Qxd1 19.Rxd1 Rfd8 20.Rdc1 b4 21.Rc4 Bd5 22.Rd4 Bxf3
23.gxf3 Rxd4 24.exd4 Na4 25.b3 Nc3 26.Bd3 a5 27.a4 Rd8 28.Bf1 Rxd4 29.Be5 Rd2
30.Bxc3 bxc3 31.Rxc3 g6 32.Rc6 Bh4 33.Ra6 Bxf2+ 34.Kh1 Rd1 35.Kg2 Be1  0-1

[Event "Zadar op (Women)"]
[Site "Zadar"]
[Date "1997.??.??"]
[Round "2"]
[White "Medic, Mirjana"]
[Black "Sulc, Gordana"]
[Result "1-0"]
[WhiteElo "2260"]
[BlackElo "2020"]

1.Nf3 d5 2.d4 Nf6 3.c4 e6 4.Nc3 Be7 5.Bf4 O-O 6.e3 a6 7.cxd5 exd5 8.Qc2 Nc6
9.a3 Nh5 10.Bg3 f5 11.Nxd5 Kh8 12.Nxe7 Qxe7 13.Bh4 Nxd4 14.Nxd4 Qxh4 15.Be2 f4
16.O-O Qg5 17.Bxh5 c5 18.Ne2 Qxh5 19.Nxf4 Rxf4 20.exf4 b6 21.Rae1 Bf5 22.Qc3 Qg6
23.Re3 Qd6 24.Qe5 Qxe5 25.fxe5 Be6 26.Rd1  1-0

[Event "Zadar op"]
[Site "Zadar"]
[Date "1997.??.??"]
[Round "7"]
[White "Medancic, Rikard"]
[Black "Bender, Ivan"]
[Result "1-0"]
[WhiteElo "2320"]
[BlackElo "2190"]

1.d4 d5 2.c4 e6 3.Nc3 Nf6 4.Nf3 Be7 5.Bf4 O-O 6.e3 c5 7.dxc5 Bxc5 8.Qc2 Nc6
9.a3 Qa5 10.O-O-O Be7 11.h4 a6 12.cxd5 exd5 13.Kb1 Be6 14.Ng5 Rac8 15.Bd3 Kh8
16.Bxh7 Bxa3 17.Nxe6 fxe6 18.Bg6 e5 19.Bg3 d4 20.exd4 exd4 21.Na2 Qb6 22.Qe2 Ne7
23.h5 Rc4 24.Ka1 Ned5 25.bxa3 Ra4 26.Qb2 Qa5 27.Rd3 Nc3 28.Bd6 Rc8 29.Bb4 Rxb4
30.Qxb4  1-0

[Event "Hoogovens"]
[Site "Wijk aan Zee"]
[Date "1998.01.18"]
[Round "3"]
[White "Gelfand, Boris"]
[Black "Karpov, Anatoly"]
[Result "1/2-1/2"]
[WhiteElo "2675"]
[BlackElo "2735"]

1.Nf3 Nf6 2.c4 e6 3.Nc3 d5 4.d4 Be7 5.Bf4 O-O 6.e3 c5 7.dxc5 Bxc5 8.a3 Nc6
9.Qc2 Qa5 10.O-O-O Be7 11.h4 a6 12.Ng5 Rd8 13.cxd5 exd5 14.e4 Nxe4 15.Ngxe4 dxe4
16.Rxd8+ Qxd8 17.Qxe4 g6 18.Bc4 Bf5 19.Qe3 Qd4 20.Qxd4 Nxd4 21.Rd1 Ne6 22.Bxe6 Bxe6
23.g3 Rc8 24.Kb1 f6 25.Nd5 Bd8 26.Be3 Bg4 27.Rd2 Bf5+ 28.Ka2 Rc2 29.Rd1 Kf7
30.Nc3 Ba5 31.Kb3 Bxc3 32.bxc3 Re2 33.Rd6 g5 34.hxg5 Be6+ 35.c4 fxg5 36.Rb6 Bc8
37.a4 Kg7 38.c5 h5 39.c6 bxc6 40.Rxc6 Bf5 41.Bxg5 Rxf2 42.Kb4  1/2-1/2

[Event "Hoogovens"]
[Site "Wijk aan Zee"]
[Date "1998.01.21"]
[Round "5"]
[White "Van Wely, Loek"]
[Black "Van der Sterren, Paul"]
[Result "0-1"]
[WhiteElo "2605"]
[BlackElo "2555"]

1.d4 Nf6 2.c4 e6 3.Nf3 d5 4.Nc3 Be7 5.Bf4 O-O 6.e3 c5 7.dxc5 Bxc5 8.a3 Nc6
9.Qc2 Qa5 10.O-O-O Be7 11.Kb1 Rd8 12.Nd2 dxc4 13.Bxc4 Qf5 14.Nde4 Rxd1+ 15.Rxd1 Nxe4
16.Nxe4 e5 17.Bg3 Be6 18.f3 Rc8 19.Qb3 Bxc4 20.Qxc4 h5 21.h3 h4 22.Be1 Qg6
23.Rd2 Rd8 24.Rxd8+ Bxd8 25.Qb3 Qxg2 26.Qxb7 Qg6 27.Qd7 Bb6 28.Bf2 Kh7 29.Kc1 Na5
30.Qe7 Qc6+ 31.Kd1 Qd5+ 32.Ke1 Nc4 33.Qxh4+ Kg8 34.Qg4 Qd3 35.Nf6+ Kf8 36.Qc8+ Ke7
37.Ng8+ Kd6 38.Qf8+ Kc6 39.Ne7+ Kd7 40.Qxf7 Nxb2 41.Nf5+ Kc6 42.Bh4 Qd1+
43.Kf2 Nd3+ 44.Kg2 Nf4+  0-1

[Event "Ubeda op"]
[Site "Ubeda"]
[Date "1998.01.22"]
[Round "3"]
[White "Dgebuadze, Alexandre"]
[Black "Kruppa, Yuri"]
[Result "1/2-1/2"]
[WhiteElo "2470"]
[BlackElo "2540"]

1.d4 Nf6 2.c4 e6 3.Nf3 d5 4.Nc3 Be7 5.Bf4 O-O 6.e3 c5 7.dxc5 Bxc5 8.Qc2 Nc6
9.Rd1 Qa5 10.Be2 dxc4 11.Bxc4 Be7 12.O-O e5 13.Bg5 Bg4 14.Bxf6 Bxf6 15.Ne4 Qb4
16.Nxf6+ gxf6 17.a3 Qb6 18.Rd6 Kg7 19.h3 Qc7  1/2-1/2